50 Best Players in FC24 - Statistics

General Stats
  • This quiz has been taken 161 times
    140 since last reset
  • The average score is 26 of 50
Answer Stats
Team Answer % Correct
Man City Haaland
98%
Inter Miami Messi
98%
PSG Mbappe
97%
Man City Kevin De Bruyne
88%
Bayern Munich Kane
86%
Al Ittihad Benzema
81%
Barcelona Lewandowski
78%
Man City Rodri
77%
Liverpool Salah
73%
Man City Ederson
67%
Real Madrid Bellingham
66%
Real Madrid Courtois
66%
Man City Ruben Dias
63%
Liverpool Van Dijk
63%
Liverpool Alisson
60%
Real Madrid Modric
60%
Atletico Madrid Griezmann
59%
Man City Bernardo Silva
57%
Man Utd Bruno Fernandes
55%
Bayern Munich Kimmich
55%
Bayern Munich Neuer
52%
Arsenal Saka
52%
Tottenham Son
52%
Barcelona Ter Stegen
51%
Arsenal Ødegaard
49%
Napoli Osimhen
49%
AC Milan Leao
48%
Inter Milan Martinez
48%
Man Utd Casemiro
46%
Barcelona Pedri
46%
Bayern Munich Musiala
45%
Atletico Madrid Oblak
44%
Real Madrid Valverde
43%
Barcelona Dembele
38%
PSG Donnarumma
38%
Barcelona Araujo
37%
Barcelona de Jong
35%
Al Hilal Neymar Jr.
35%
Dortmund Kobel
34%
AC Milan Maignan
34%
Real Madrid Vini Jr.
34%
PSG Marquinhos
32%
Napoli Kvaratskhelia
26%
Inter Milan Barella
25%
Newcastle United Tonali
25%
Bayern Munich De Ligt
23%
Liverpool Alexander-Arnold
22%
Al Hilal Milinkovic-Savic
21%
Chelsea Nkunku
21%
Real Madrid Eder Militao
8%
No matching quizzes found
Score Distribution
Percent of People with Each Score
Percentile by Number Answered
Your Score History
You have not taken this quiz since the last reset